Manchester City Champions League XIs - Statistics

General Stats
  • This quiz has been taken 2,731 times
    2,454 since last reset
  • The average score is 29 of 42
Answer Stats
Answer % Correct
Ederson Moraes
98%
Erling Haaland
97%
Sergio Agüero
96%
Kevin De Bruyne
95%
Bernardo Silva
93%
David Silva
93%
Joe Hart
93%
John Stones
93%
Kyle Walker
92%
Rúben Dias
91%
Rodri
89%
Phil Foden
88%
İlkay Gündoğan
86%
Raheem Sterling
85%
Vincent Kompany
85%
Nathan Aké
84%
Jack Grealish
81%
Gabriel Jesus
80%
Fernandinho
78%
Manuel Akanji
77%
João Cancelo
76%
Yaya Touré
76%
Edin Džeko
72%
Nicolás Otamendi
69%
Pablo Zabaleta
66%
Riyad Mahrez
66%
Aymeric Laporte
64%
Gaël Clichy
59%
Leroy Sané
59%
Samir Nasri
57%
Aleksandar Kolarov
54%
Carlos Tévez
53%
Fernando
51%
Bacary Sagna
49%
James Milner
49%
Martín Demichelis
46%
Willy Caballero
46%
Jesús Navas
43%
Nigel de Jong
28%
Matija Nastasić
21%
Javi García
20%
Adam Johnson
19%
No matching quizzes found
Score Distribution
Percent of People with Each Score
Percentile by Number Answered
Your Score History
You have not taken this quiz since the last reset